header

Belle (Record no. 260704)

MARC details
000 -LEADER
fixed length control field 00226nam a22001097a 4500
020 ## - INTERNATIONAL STANDARD BOOK NUMBER
ISBN 9780545068628
100 ## - MAIN ENTRY--AUTHOR NAME
Personal name Elizabeth Mills
245 ## - TITLE STATEMENT
Title Belle
260 ## - PUBLICATION, DISTRIBUTION, ETC. (IMPRINT)
Place of publication New York
Name of publisher Scholastic
Year of publication 2007
300 ## - PHYSICAL DESCRIPTION
Number of Pages 34 pgs
942 ## - ADDED ENTRY ELEMENTS (KOHA)
Koha item type Long Loan Books
Holdings
Withdrawn status Lost status Collection code Home library Current library Shelving location Date acquired Accession Number Koha item type
    Fiction Rongo University Library Rongo University Library Children's Area 27/09/2023 CL2021916 Long Loan Books

© 2026 Rongo University
Contact us: librarian | system librarian | Rongo university